000
00224nam a2200097Ia 4500
008
190216s9999||||xx |||||||||||||| ||und||
100
_a
Leela Joseph
245
0
_a
Animal Physiology
260
_b
Kerala Basha Inst
942
_c
BK
999
_c
37814
_d
37814